000 00513cam a22001812 4500
001 0000009443
005 20151217160120.0
008 081028s xx 000 0 eng d
020 _a0333639375 :
_cKES 146.25
040 _aKABU
_cKABU
100 1 _aChristian, Carol.
_@0000159470
245 1 0 _aMoses in Egypt /
_cretold by Carol Christian.
260 _aOxford :
_bMacmillan Education,
_c1996.
300 _a39 p.
908 _a081028
950 _@1
999 _c14488
_d14488